000 00603nam a2200205 i 4500
001 bgj
100 1 _aHINCK, Walter.
245 1 0 _aDie deutsche Ballade von Bürger bis Brecht :
_bKritik und Versuch einer Neuorientung /
_cWalter Hinck.
260 _aGöetingen :
_bVandenhoeck & Ruprecht,
_c1968.
300 _a152, [1] s. ;
_c20 cm.
490 1 _aKleine Vandenhoeck-Reihe
_v273 S
650 9 _aLiteratura niemiecka
830 _aKleine Vandenhoeck-Reihe
040 _cBPK
041 0 _ager
044 _aDEU
080 _a821.112.2
942 _cKS
008 s gw f |000 0 ger
999 _c50446
_d50446
856 _uhttp://koha.tu.koszalin.pl/cgi-bin/koha/opac-detail.pl?biblionumber=50446
_yKatalog online BPK